Professional ethics. (Record no. 697)
[ view plain ]
| 000 -LEADER | |
|---|---|
| fixed length control field | nam a22 a 4500 |
| 005 - DATE AND TIME OF LATEST TRANSACTION | |
| control field | 20170504155026.0 |
| 008 - FIXED-LENGTH DATA ELEMENTS--GENERAL INFORMATION | |
| fixed length control field | 170504b1981 -us||||| |||| 00| 0 eng d |
| 020 ## - INTERNATIONAL STANDARD BOOK NUMBER | |
| International Standard Book Number | 0534009980 (pbk) |
| 040 ## - CATALOGING SOURCE | |
| Original cataloging agency | AKMAL |
| 100 1# - MAIN ENTRY--PERSONAL NAME | |
| Personal name | Bayles, Michael D. |
| 9 (RLIN) | 1496 |
| 245 00 - TITLE STATEMENT | |
| Title | Professional ethics. |
| 260 ## - PUBLICATION, DISTRIBUTION, ETC. | |
| Place of publication, distribution, etc. | Belmont, CA : |
| Name of publisher, distributor, etc. | Wadsworth, |
| Date of publication, distribution, etc. | 1981. |
| 300 ## - PHYSICAL DESCRIPTION | |
| Dimensions | cm |
| 599 ## - LOCAL NOTE | |
| Local Note | DALAM PROSES |
| 852 41 - LOCATION | |
| Location | British Library |
| Sublocation or collection | DSC |
| 942 ## - ADDED ENTRY ELEMENTS (KOHA) | |
| Source of classification or shelving scheme | |
| Koha item type | Book |
| Withdrawn status | Lost status | Source of classification or shelving scheme | Damaged status | Not for loan | Collection code | Home library | Current library | Shelving location | Date acquired | Inventory number | Total Checkouts | Full call number | Barcode | Date last seen | Price effective from | Koha item type |
|---|---|---|---|---|---|---|---|---|---|---|---|---|---|---|---|---|
| NON-FICTION | AKMAL Melaka | AKMAL Melaka | PINJAMAN | 04.05.2017 | 100151 | 174 BAY | 201701680 | 04.05.2017 | 04.05.2017 | Book |
